Modulation of The Electron Beams Depths Dose Distribution Via 3D Printed Plastic Samples; Electron, Positron, Neutron and X–ray Scattering under External Influences

Бібліографічні деталі
Parent link:Electron, Positron, Neutron and X–ray Scattering under External Influences.— 2021.— [P. 80]
Співавтор: Национальный исследовательский Томский политехнический университет Исследовательская школа физики высокоэнергетических процессов
Інші автори: Bushmina E. A. Elizaveta Alekseevna, Bulavskaya A. A. Angelina Aleksandrovna, Cherepennikov Yu. M. Yuriy Mihaylovich, Grigorieva (Grigorjeva) A. A. Anna Anatoljevna, Miloichikova I. A. Irina Alekseevna, Stuchebrov S. G. Sergey Gennadevich
Резюме:Title screen
Мова:Англійська
Опубліковано: 2021
Предмети:
Онлайн доступ:https://mega.nz/file/03xFxAzT#T3XlgNx10CZkFgX0jova9LUW6w3wQorXQ28dn5YNUOY
Формат: Електронний ресурс Частина з книги
KOHA link:https://koha.lib.tpu.ru/cgi-bin/koha/opac-detail.pl?biblionumber=666643

MARC

LEADER 00000naa0a2200000 4500
001 666643
005 20250818160856.0
035 |a (RuTPU)RU\TPU\network\37847 
090 |a 666643 
100 |a 20220118d2021 k y0engy50 ba 
101 0 |a eng 
102 |a AM 
135 |a drcn ---uucaa 
181 0 |a i  
182 0 |a b 
200 1 |a Modulation of The Electron Beams Depths Dose Distribution Via 3D Printed Plastic Samples  |f E. A. Bushmina, A. A. Bulavskaya, Yu. M. Cherepennikov [et al.] 
203 |a Text  |c electronic 
300 |a Title screen 
463 |t Electron, Positron, Neutron and X–ray Scattering under External Influences  |o International Conference, 18 –24 October 2021, Yerevan, Armenia  |o book of abstracts  |v [P. 80]  |d 2021 
610 1 |a электронный ресурс 
610 1 |a труды учёных ТПУ 
701 1 |a Bushmina  |b E. A.  |c specialist in the field of nuclear technologies  |c Engineer of Tomsk Polytechnic University  |f 2000-  |g Elizaveta Alekseevna  |3 (RuTPU)RU\TPU\pers\47078 
701 1 |a Bulavskaya  |b A. A.  |c Specialist in the field of nuclear technologies  |c Senior Lecturer of Tomsk Polytechnic University, Candidate of Physical and Mathematical Sciences  |f 1993-  |g Angelina Aleksandrovna  |3 (RuTPU)RU\TPU\pers\45898  |9 22019 
701 1 |a Cherepennikov  |b Yu. M.  |c physicist  |c Associate Professor of Tomsk Polytechnic University, Candidate of Sciences  |f 1989-  |g Yuriy Mihaylovich  |3 (RuTPU)RU\TPU\pers\31561  |9 15721 
701 1 |a Grigorieva (Grigorjeva)  |b A. A.  |c nuclear technology specialist  |c engineer of Tomsk Polytechnic University  |f 1995-  |g Anna Anatoljevna  |3 (RuTPU)RU\TPU\pers\46746 
701 1 |a Miloichikova  |b I. A.  |c physicist  |c Associate Professor of Tomsk Polytechnic University, Candidate of Physical and Mathematical Sciences  |f 1988-  |g Irina Alekseevna  |3 (RuTPU)RU\TPU\pers\35525  |9 18707 
701 1 |a Stuchebrov  |b S. G.  |c physicist  |c Associate Professor of Tomsk Polytechnic University, Candidate of Physical and Mathematical Sciences  |f 1981-  |g Sergey Gennadevich  |3 (RuTPU)RU\TPU\pers\31559  |9 15719 
712 0 2 |a Национальный исследовательский Томский политехнический университет  |b Исследовательская школа физики высокоэнергетических процессов  |c (2017- )  |3 (RuTPU)RU\TPU\col\23551 
801 2 |a RU  |b 63413507  |c 20220118  |g RCR 
850 |a 63413507 
856 4 |u https://mega.nz/file/03xFxAzT#T3XlgNx10CZkFgX0jova9LUW6w3wQorXQ28dn5YNUOY 
942 |c CF